| 000 | 03424cam a22005898i 4500 | ||
|---|---|---|---|
| 001 | 9781003165996 | ||
| 003 | FlBoTFG | ||
| 005 | 20250124160950.0 | ||
| 006 | m o d | ||
| 007 | cr ||||||||||| | ||
| 008 | 210205s2021 nyu ob 001 0 eng | ||
| 040 |
_aKO _beng |
||
| 040 |
_aOCoLC-P _beng _erda _cOCoLC-P |
||
| 020 |
_a9781003165996 _q(ebook) |
||
| 020 | _a1003165990 | ||
| 020 |
_a9781000412024 _q(electronic bk. : PDF) |
||
| 020 |
_a1000412024 _q(electronic bk. : PDF) |
||
| 020 |
_a9781000412055 _q(electronic bk. : EPUB) |
||
| 020 |
_a1000412059 _q(electronic bk. : EPUB) |
||
| 020 |
_z9780367762193 _q(hardback) |
||
| 020 |
_z9780367762216 _q(paperback) |
||
| 041 | 0 | _aeng | |
| 072 | 7 |
_aBUS _x025000 _2bisacsh |
|
| 072 | 7 |
_aBUS _x035000 _2bisacsh |
|
| 072 | 7 |
_aBUS _x092000 _2bisacsh |
|
| 072 | 7 |
_aKC _2bicssc |
|
| 082 | 0 | 0 |
_a338/.040954 _223 |
| 100 | 1 |
_aBiswas, Debasish, _eauthor. |
|
| 245 | 1 | 0 |
_aEntrepreneurship development in India / _cDebasish Biswas and Chanchal Dey. |
| 264 | 1 |
_aNew York, NY : _bRoutledge, _c2021. |
|
| 300 | _a1 online resource. | ||
| 336 |
_atext _btxt _2rdacontent |
||
| 337 |
_acomputer _bc _2rdamedia |
||
| 338 |
_aonline resource _bcr _2rdacarrier |
||
| 490 | 0 | _aRoutledge focus on business and management | |
| 520 |
_a"Entrepreneurship development is a major area of focus today as it has huge potential in creating jobs and self-employability and thus contributing to economic development. India, in the last few years in particular, has seen exponential growth of start-ups and new age entrepreneurs. Both the Central and State Governments have been taking proactive steps towards the development of entrepreneurship in the country. The Government has launched various schemes and programs to attract investors and creating a healthy ecosystem for entrepreneurship. India is one of the largest homes of start-ups in the world and has been highly successful in bringing significant amount of Foreign Direct Investment (FDI). Moreover, the Government is taking active steps in removal of the bureaucratic hurdles and bottlenecks so that entrepreneurship development is encouraged. In order to promote the culture of entrepreneurship development, the subject has been made part of the curriculum at both undergraduate and postgraduate levels across disciplines. This book is a sincere attempt to build the fundamentals of the subject amongst the students alongside motivating them to become future entrepreneurs. It will be of interest to researchers, academics, and students in the fields of business administration, management, and entrepreneurship"-- _cProvided by publisher. |
||
| 588 | _aOCLC-licensed vendor bibliographic record. | ||
| 650 | 0 |
_aSmall business _zIndia. |
|
| 650 | 0 |
_aEntrepreneurship _zIndia. |
|
| 650 | 0 |
_aNew business enterprises _zIndia. |
|
| 650 | 0 |
_aIndustrial policy _zIndia. |
|
| 650 | 0 |
_aEconomic development _zIndia. |
|
| 650 | 7 |
_aBUSINESS & ECONOMICS / Entrepreneurship _2bisacsh |
|
| 650 | 7 |
_aBUSINESS & ECONOMICS / International / General _2bisacsh |
|
| 650 | 7 |
_aBUSINESS & ECONOMICS / Development / General _2bisacsh |
|
| 700 | 1 |
_aDey, Chanchal, _eauthor. |
|
| 856 | 4 | 0 |
_3Taylor & Francis _uhttps://www.taylorfrancis.com/books/9781003165996 |
| 856 | 4 | 2 |
_3OCLC metadata license agreement _uhttp://www.oclc.org/content/dam/oclc/forms/terms/vbrl-201703.pdf |
| 904 | _aRUDRA_R | ||
| 905 | _aR_RANJAN | ||
| 942 | _cEB | ||
| 999 |
_c3029 _d3029 |
||